Métodos aprobados en conservación de suelos /

Guardado en:
Autor Principal: Foster, Albert B. 1906-
Formato: Libro
Idioma:Spanish
Publicado: México : Trillas, 1997.
Etiquetas: Agregar Etiqueta
Sin Etiquetas, Sea el primero en etiquetar este registro!
LEADER 01054nam a22002415a 4500
001 EEA.libagro006013
005 20180626111129.0
008 130809s1997####mx#a##########000#0#spa#d
020 |a 9682400902 
082 0 4 |a 631.45 
100 1 |a Foster, Albert B.  |q (Albert Beryl),  |d 1906- 
245 1 0 |a Métodos aprobados en conservación de suelos /  |c Albert B. Foster. 
260 |a México :  |b Trillas,  |c 1997. 
300 |a 411 p. :  |b il. ;  |c 23 cm. 
859 |a AR-BbBCA  |b BIB. AGRONOMIA  |h 631.45  |i F754  |p 1998/3372 
859 |a AR-BbBCA  |b BIB. AGRONOMIA  |h 631.45  |i F754  |p 1998/3373  |t Ej.2 
859 |a AR-BbBCA  |b BIB. AGRONOMIA  |h 631.45  |i F754  |p 1998/3374  |t Ej.3 
859 |a AR-BbBCA  |b BIB. AGRONOMIA  |h 631.45  |i F754  |p 1999/3653  |t Ej.4 
859 |a AR-BbBCA  |b BIB. AGRONOMIA  |h 631.45  |i F754  |p 1999/3689  |t Ej.5 
859 |a AR-BbBCA  |b BIB. AGRONOMIA  |h 631.45  |i F754  |p 1999/3691  |t Ej.6 
859 |a AR-BbBCA  |b BIB. AGRONOMIA  |h 631.45  |i F754  |p 1999/3725  |t Ej.7 
859 |a AR-BbBCA  |b BIB. AGRONOMIA  |h 631.45  |i F754  |p 1999/3726  |t Ej.8 
859 |a AR-BbBCA  |b BIB. AGRONOMIA  |h 631.45  |i F754  |p 1999/3727  |t Ej.9